Presidenti della Regione Campania - Statistics

Statistiche generali
  • Questo quiz è stato fatto 28 volte
  • Il punteggio medio è 7 su 19
Statistiche sulle risposte
Anni Presidente della regione % Corretto
2015-2020 Vincenzo De Luca
96%
2020- Vincenzo De Luca
96%
2000-2005 Antonio Bassolino
54%
2005-2010 Antonio Bassolino
54%
2010-2015 Stefano Caldoro
46%
1995-1999 Antonio Rastrelli
33%
1971-1972 Nicola Mancino
33%
1975-1976 Nicola Mancino
33%
1972-1973 Alberto Servidio
29%
1983-1989 Antonio Fantini
29%
1970-1971 Carlo Leone
29%
1979-1980 Ciro Cirillo
29%
1980-1983 Emilio De Feo
29%
1976-1979 Gaspare Russo
29%
1993-1995 Giovanni Grasso
29%
1999-2000 Andrea Losco
25%
1976-1976 Giovanni Acocella
25%
1973-1975 Vittorio Cascetta
25%
1989-1993 Ferdinando Clemente di San Luca
13%
Nessun quiz corrispondente trovato
Distribuzione punteggi
Percentuale di utenti per punteggio
Percentile per numero di risposta
I tuoi punteggi nel tempo
Non hai fatto questo quiz